| 000 | 00532nam a2200229Ia 4500 | ||
|---|---|---|---|
| 008 | 210210b2014 xxu||||| |||| 00| 0 eng d | ||
| 041 | _aeng | ||
| 082 | _a332.02 GOYC | ||
| 100 | _aGOYAL (Tarun) | ||
| 245 | _aComprehensive banking awareness: with ten practice sets | ||
| 260 |
_aMeerut _b- _c2014 |
||
| 300 | _a200 | ||
| 650 | _awith | ||
| 650 | _aten | ||
| 650 | _asets | ||
| 650 | _apractice | ||
| 650 | _aComprehensive | ||
| 650 | _abanking | ||
| 650 | _aawareness: | ||
| 690 | _aBank entrance | ||
| 906 | _a069049 | ||
| 999 |
_c153155 _d153155 |
||